Fundamentals of design and manufacturing (Record no. 6576)

MARC details
000 -LEADER
fixed length control field 00964 a2200241 4500
005 - DATE AND TIME OF LATEST TRANSACTION
control field 2008090108258.0
008 - FIXED-LENGTH DATA ELEMENTS--GENERAL INFORMATION
fixed length control field 080901t xxu||||| |||| 00| 0 eng d
010 ## - LIBRARY OF CONGRESS CONTROL NUMBER
LC control number ENG-87485
020 ## - INTERNATIONAL STANDARD BOOK NUMBER
International Standard Book Number 8183600573
Terms of availability 165.00
035 ## - SYSTEM CONTROL NUMBER
System control number EN-71018
037 ## - SOURCE OF ACQUISITION
Source of stock number/acquisition D.B.Act / Pub
082 ## - DEWEY DECIMAL CLASSIFICATION NUMBER
Classification number 620.0042
100 ## - MAIN ENTRY--PERSONAL NAME
Personal name Vaishwanar, R. S.
245 ## - TITLE STATEMENT
Title Fundamentals of design and manufacturing
Statement of responsibility, etc by R. S. Vaishwanar , Rajesh Prashad and Subhash Chander
260 ## - PUBLICATION, DISTRIBUTION, ETC. (IMPRINT)
Place of publication, distribution, etc New Delhi
Name of publisher, distributor, etc Jain Brothers
Date of publication, distribution, etc 2007
270 ## - ADDRESS
Address 16/873, East Park Road, Karol Bagh
City New Delhi
Postal code 110005
Telephone number 011-23618426, 011-23619023
Electronic mail address jain_bros@hotmail.com
300 ## - PHYSICAL DESCRIPTION
Extent 814 p.
Dimensions 22 cm. (Pbk)
500 ## - GENERAL NOTE
General note Includes index
700 ## - ADDED ENTRY--PERSONAL NAME
Personal name Prasad, Rajesh
700 ## - ADDED ENTRY--PERSONAL NAME
Personal name Subhash Chander
942 ## - ADDED ENTRY ELEMENTS (KOHA)
Institution code [OBSOLETE] dpl
Koha item type English Books
Call number prefix 620.0042 / VAI
Source of classification or shelving scheme Dewey Decimal Classification
Classification part 620.0042
Call number suffix VAI
Holdings
Withdrawn status Lost status Damaged status Not for loan Home library Current library Date acquired Cost, normal purchase price Total Checkouts Full call number Barcode Date last seen Copy number Uniform Resource Identifier Cost, replacement price Price effective from Koha item type
        D.B.Act.Division D.B.Act.Division 01/09/2008 165.00   620.0042 VAI EN-71018 15/09/2008 1 7071 165.00 15/09/2008 English Books

© Delhi Public Library
Hit Counter
free hit counter